000 01033nam a2200265Ia 4500
999 _c59404
_d59404
003 GCL
005 20240530110223.0
008 140319s1992 ua 000 0 ara d
020 _a9770129577
040 _aGCL /
_cGCL
082 0 4 _a929.1/
_bق م
100 1 _aابن قتيبة الدينورى : ابو محمد عبد الله بن مسلم
245 1 0 _aالمعارف /
_cابى محمد عبد الله بن مسلم ؛ حققة وقدم له ثروت عكاشة
250 _aالسادسة
260 _aالقاهرة :
_bالهيئة المصرية العامة للكتاب،
_c1992.
300 _a817 ص ؛
_c24 سم
650 0 4 _aالتاريخ الاسلامى
650 0 7 _aالشعراء
_2qrmak
_vتراجم
650 0 7 _aالملوك والحكام
_2qrmak
_vتراجم
650 0 7 _aالملوك المصريون
_2qrmak
_vتراجم
650 0 4 _2qrmak
_aالانساب
650 0 4 _aرواة الحديث
_2qrmak
_vتراجم
700 0 _aثروت عكاشة
_eمحقق ومقدم
942 _2ddc
_cREF